Managerial communication : (Registro nro. 306298)

Detalles MARC
000 -ENCABEZADO
Número de control [NR] 01351cam a2200301Mi 4500
005 - FECHA Y HORA DE LA ÚLTIMA TRANSACCIÓN
control field 20260421144759.0
008 - DE LONGITUD FIJA DE DATOS DE ELEMENTOS - INFORMACIÓN GENERAL
Elementos de longitud fija [NR] 170427t2025 xxua fr 001 0 eng d
020 ## - NUMERO INTERNACIONAL NORMALIZADO PARA LIBROS [R]
Número Internacional Normalizado del libro [NR] 9781071925256 (9a.Ed.)
020 ## - NUMERO INTERNACIONAL NORMALIZADO PARA LIBROS [R]
Número Internacional Normalizado del libro [NR] 9781483358550 (6a.Ed.)
040 ## - FUENTE DE CATALOGACION [NR]
Agencia de catalogación original [NR] CO-BoUCM
Idioma de catalogación [NR] spa
Quien Cataloga Stefania Borbon (Modificó)
Quien Clasifica Sandra Palacio
041 0# - CODIGO DE IDIOMA [R]
Código de idioma para texto/pista de sonido o título separado [R] Inglés
100 1# - ASIENTO PRINCIPAL--NOMBRE PERSONAL [NR]
Nombre personal [NR] Hynes, Geraldine E.
ID Autoridad 85435
245 10 - MENCION DE TITULO [NR]
Título [NR] Managerial communication :
Parte restante del título [NR] Strategies and applications /
Mención de responsabilidad, etc. [NR] Jennifer R. Veltsos, Geraldine E. Hynes.
250 ## - MENCION DE EDICION [NR]
Mención de edición [NR] 9a.Ed.
260 ## - PUBLICACION, DISTRIBUCION, ETC. (PIE DE IMPRENTA) [R]
Lugar de publicación, distribución, etc. [R] Los Ángeles (California, Estados Unidos)
Nombre del editor, distribuidor, etc. [R] Sage Publications,
Fecha de publicación, distribución, etc. [R] 2025
300 ## - DESCRIPCION FISICA [R]
Extensión [R] xix, 476 páginas
Otros detalles físicos [NR] ilustraciones
504 ## - NOTA DE BIBLIOGRAFIA, ETC. [R]
Nota de bibliografía, etc. [NR] Incluye referencias bibliográficas e índices
520 ## - NOTA DE RESUMEN, ETC. [R]
Nota de sumario, etc. [NR] Guía exhaustiva sobre comunicación gerencial que abarca estrategias de expresión oral y escrita, gestión de reuniones, procesos de negociación, entrevistas y comunicación en entornos globales y diversos.
650 17 - ASIENTO SECUNDARIO DE MATERIA - TERMINO TEMATICO [R]
Término temático o nombre geográfico como elemento de entrada [NR] Comunicación en administración
9 (RLIN) 11353
650 27 - ASIENTO SECUNDARIO DE MATERIA - TERMINO TEMATICO [R]
Término temático o nombre geográfico como elemento de entrada [NR] Comunicación en los negocios
9 (RLIN) 11363
650 27 - ASIENTO SECUNDARIO DE MATERIA - TERMINO TEMATICO [R]
Término temático o nombre geográfico como elemento de entrada [NR] Comunicación organizacional
9 (RLIN) 11385
650 27 - ASIENTO SECUNDARIO DE MATERIA - TERMINO TEMATICO [R]
Término temático o nombre geográfico como elemento de entrada [NR] Liderazgo
9 (RLIN) 18533
650 27 - ASIENTO SECUNDARIO DE MATERIA - TERMINO TEMATICO [R]
Término temático o nombre geográfico como elemento de entrada [NR] Relaciones industriales
9 (RLIN) 23455
690 ## - ASUNTO AGREGADO LOCAL DE ENTRADA - TÉRMINO TEMÁTICO (OCLC, RLIN)
Acceso temático local Administración de empresas
9 (RLIN) 435
700 ## - ASIENTO SECUNDARIO - NOMBRE PERSONAL [R]
Nombre personal [NR] Hynes, Geraldine E.
9 (RLIN) 85435
942 ## - ELEMENTOS DE ENTRADA AGREGADOS (KOHA)
Sistema de clasificación DEWEY
Tipo de ítem principal el descrito en 300a Libro
Tema principal Administración
Edición 9
Clasificación 658.45
Parte restante de la signatura top. H997mc
Existencias
Fecha de último préstamo Total préstamos Total Renewals Signatura topográfica Código de barras Última vez visto Volúmen / Fascículo Ejemplar Costo de reposición Price effective from Tipo de ítem Perdido Sistema de clasificación Dañado No prestable Tipo de ítem específico Suprimido Ubicación habitual Ubicación actual Localización Fecha de creación Proveedor Forma de adquisición Costo
25/02/2026 1 1 658.45 H997mc 100152987 24/03/2026 6a.Ed. Ej.1 348120.00 18/04/2017 Libro   DEWEY     Libro   Sede del emprendimiento y la innovación Sede del Emprendimiento, Innovación y Creación 1er piso 18/04/2017 19 Compra 348120.00
22/04/2026 1   658.45 H997mc 100175118 08/05/2026 9a.Ed. Ej.1   21/04/2026 Libro   DEWEY     Libro   Sede del emprendimiento y la innovación Sede del Emprendimiento, Innovación y Creación 1er piso 21/04/2026   Compra 604400.00